000 00489nam a22001697a 4500
008 161130s2006 gt||||| |||| 00| 0 spa d
020 _a9992223332
082 0 4 _a861
_bT998e
100 1 _aTzoc, Manuel.
_95646
245 1 0 _aEsco-p(o)etas para una muerte en vers(sos) b-a...l...a /
_cManuel Tzoc.
250 _a1a ed.
260 _aGuatemala :
_bFolio 114,
_c2006.
300 _a26 p.
653 1 0 _aLiteratura Latinoamerica
653 1 0 _aPoesía - Guatemala
653 1 0 _aArte - Literatura
999 _c1103
_d1103